00593nam a22001817a 450000500170000001000150001702000270003202000240005903500130008303700130009608200140010910000200012324500810014326000540022427000490027830000340032750000500036120100817110727.0 aENG-100649 a9781935501268c2500.00 a1935501267c2500.00 aEN-84182 bDBAD/PUB a359.00954 aHiranandani, GM aTransition to guardianship :bthe Indian navy 1991-2000 /cby GM Hiranandani aNew DelhibLancer Publishers & Distributorsc2009 a2/42 (B) Sarvapriya ViharbNew Delhie110016 axlii,331p.c29cm (Hb)ephotos aIncludes bibliographical references and index